000 00742cam a22002535a 4500
001 017587289
003 OSt
005 20201128024044.0
008 151008t2016 enka fr 001 0 eng d
020 _a9781292113746
020 _a129211374X
040 _aStDuBDS
_beng
_cStDuBDS
_dEG-ScBUE
082 0 4 _222
_a621.4021
_bBHA
100 1 _aBhattacharjee, Subrata,
_d1961-
_932793
245 1 0 _aThermodynamics :
_ban interactive approach /
_cSubrata Bhattacharjee.
250 _aGlobal ed.
260 _aHarlow :
_bPearson Education Limited,
_cc.2016.
300 _a718 p. :
_bill. ;
_c28 cm.
500 _aIndex : p. 706-718.
650 7 _aThermodynamics.
_2BUEsh
_91919
651 _2BUEsh
653 _bENGGEN
_cDecember2016
942 _2ddc
999 _c23480
_d23452